[Event "4NCL"]
[Site "De Vere, Staverton Park, ENG"]
[Date "2011.11.12"]
[Round "121.2"]
[White "Bak, Andrew"]
[Black "Crouch, Colin S"]
[Result "0-1"]
[WhiteElo "2027"]
[BlackElo "2366"]
[PlyCount "60"]
[EventDate "2011.??.??"]
[WhiteTeam "Bradford DCA Knights A"]
[BlackTeam "Pandora's Box Grantham"]

1. d4 d5 2. c4 c6 3. g3 dxc4 4. Bg2 e5 5. dxe5 Qxd1+ 6. Kxd1 Nd7 7. f4 Nh6 8.
Nd2 Ng4 9. Ne4 Nc5 10. Ke1 Nxe4 11. Bxe4 Bb4+ 12. Kf1 Bc5 13. e3 Nxe3+ 14. Bxe3
Bxe3 15. Nf3 Be6 16. Ke2 Bb6 17. Rhd1 g6 18. Ng5 Bg4+ 19. Bf3 Bf5 20. Ne4 Ke7
21. Rac1 Rad8 22. Nd6 Bd3+ 23. Ke1 Be3 24. Nxb7 Rb8 25. Bxc6 Bxc1 26. Rxc1 Rhc8
27. Bd5 Rc7 28. Nd6 Rxb2 29. Bxf7 Rxh2 30. Bd5 Re2+ 0-1

[Event "4NCL"]
[Site "De Vere, Staverton Park, ENG"]
[Date "2011.11.12"]
[Round "121.3"]
[White "Polaczek, Richard"]
[Black "Hackner, Oskar A"]
[Result "1-0"]
[WhiteElo "2377"]
[BlackElo "2014"]
[PlyCount "87"]
[EventDate "2011.??.??"]
[WhiteTeam "Pandora's Box Grantham"]
[BlackTeam "Bradford DCA Knights A"]

1. d4 Nf6 2. Bg5 d5 3. Bxf6 gxf6 4. c4 c6 5. cxd5 cxd5 6. Nc3 Nc6 7. e3 e6 8.
Bd3 Bd7 9. Nge2 f5 10. a3 Rc8 11. b4 Bd6 12. O-O Qh4 13. f4 Rg8 14. Na4 b6 15.
Ba6 Rd8 16. Kh1 Rg6 17. Ng1 Qg4 18. Qc2 Nb8 19. h3 Qg3 20. Rf3 Qh4 21. Bf1 Rc8
22. Qb3 Qd8 23. Rf2 Qc7 24. Bd3 Rg3 25. Nf3 Ke7 26. Rc2 Qb7 27. Rxc8 Bxc8 28.
Rc1 Bd7 29. Nc3 Be8 30. Ne2 Rg8 31. Qc3 Bd7 32. Qe1 f6 33. Qh4 Rg7 34. Ne5 Bxe5
35. fxe5 Rf7 36. Nf4 Be8 37. exf6+ Rxf6 38. Bxf5 Bf7 39. Bxe6 Bxe6 40. Nh5 Nd7
41. Nxf6 Nxf6 42. Rf1 Kd6 43. Qxf6 Qd7 44. Rc1 1-0

[Event "4NCL"]
[Site "De Vere, Staverton Park, ENG"]
[Date "2011.11.12"]
[Round "121.4"]
[White "Edwards-Wright, Miles D"]
[Black "Ross, Chris N"]
[Result "1/2-1/2"]
[WhiteElo "1995"]
[BlackElo "2237"]
[PlyCount "67"]
[EventDate "2011.??.??"]
[WhiteTeam "Bradford DCA Knights A"]
[BlackTeam "Pandora's Box Grantham"]

1. e4 c5 2. Nf3 e6 3. c4 Nc6 4. Nc3 a6 5. d4 cxd4 6. Nxd4 Qc7 7. g3 Nf6 8. Bg2
Be7 9. O-O O-O 10. Nb3 Ne5 11. Bf4 d6 12. Bxe5 dxe5 13. Rc1 b6 14. Qe2 Bb7 15.
c5 Rac8 16. cxb6 Qxb6 17. Rc2 a5 18. Rfc1 Ba6 19. Qe1 Qb4 20. Bf1 Bb7 21. Nd2
Rfd8 22. a3 Qd4 23. Nf3 Qd6 24. Nd2 Ba6 25. Bxa6 Qxa6 26. Qf1 Qa8 27. Qe2 Bc5
28. Nb5 Bd4 29. a4 Rxc2 30. Rxc2 h5 31. h3 g6 32. Qf3 Kg7 33. Qe2 Rd7 34. Kg2
1/2-1/2

[Event "4NCL"]
[Site "De Vere, Staverton Park, ENG"]
[Date "2011.11.12"]
[Round "121.5"]
[White "Capuzzo, Marcos"]
[Black "Nicholson, Jim WR"]
[Result "1-0"]
[WhiteElo "2230"]
[BlackElo "1990"]
[PlyCount "111"]
[EventDate "2011.??.??"]
[WhiteTeam "Pandora's Box Grantham"]
[BlackTeam "Bradford DCA Knights A"]

1. Nf3 d6 2. d4 Bg4 3. e3 Nd7 4. Be2 g6 5. b3 Bg7 6. Bb2 Ngf6 7. Nbd2 O-O 8. h3
Bxf3 9. Nxf3 c5 10. O-O Rc8 11. c4 e6 12. Rc1 Qe7 13. Qc2 cxd4 14. Nxd4 e5 15.
Nb5 a6 16. Nc3 Rfd8 17. Rfd1 Nb6 18. e4 Bh6 19. Rb1 Nbd7 20. Ba3 Nc5 21. b4 Ne6
22. Qb2 Nd4 23. Bd3 b6 24. Ne2 Ne6 25. b5 a5 26. Qxe5 Bg7 27. Qg3 Nc5 28. f3
Nh5 29. Qf2 Be5 30. Bb2 Nf4 31. Nxf4 Bxf4 32. Bf1 Na4 33. Bd4 Rxc4 34. Bxc4 Rc8
35. Bd5 Qg5 36. Bc6 Nc3 37. Bxb6 Nxb1 38. Rxb1 Bg3 39. Qe3 Bf4 40. Qe1 d5 41.
exd5 Bd6 42. Kf1 Qf4 43. Bg1 Rc7 44. Qe8+ Kg7 45. Qe3 Qf5 46. Qe4 Qg5 47. Bd4+
f6 48. h4 Qd2 49. Bxf6+ Kxf6 50. Qe6+ Kg7 51. Qxd6 Qd3+ 52. Kf2 Qc2+ 53. Kg3
Rxc6 54. bxc6 Qxb1 55. Qe5+ Kf7 56. c7 1-0

[Event "4NCL"]
[Site "De Vere, Staverton Park, ENG"]
[Date "2011.11.12"]
[Round "121.6"]
[White "Brijmohun, K Louis"]
[Black "Birtwistle, Nigel"]
[Result "0-1"]
[WhiteElo "1951"]
[BlackElo "2173"]
[PlyCount "46"]
[EventDate "2011.??.??"]
[WhiteTeam "Bradford DCA Knights A"]
[BlackTeam "Pandora's Box Grantham"]

1. e4 c5 2. Na3 g6 3. f4 Bg7 4. Nf3 Nc6 5. d3 d6 6. c3 Nf6 7. g3 O-O 8. Bg2 Rb8
9. Qe2 b5 10. Nc2 a5 11. d4 cxd4 12. cxd4 b4 13. d5 Na7 14. Be3 Ra8 15. Nfd4
Bb7 16. f5 Nd7 17. fxg6 hxg6 18. h4 Qc8 19. h5 Ba6 20. Qg4 Ne5 21. Qxc8 Rfxc8
22. h6 Bf6 23. a3 b3 0-1

[Event "4NCL"]
[Site "De Vere, Staverton Park, ENG"]
[Date "2011.11.12"]
[Round "121.7"]
[White "Cumbers, Paul"]
[Black "Patrick, David A"]
[Result "1-0"]
[WhiteElo "2157"]
[BlackElo "1953"]
[PlyCount "99"]
[EventDate "2011.??.??"]
[WhiteTeam "Pandora's Box Grantham"]
[BlackTeam "Bradford DCA Knights A"]

1. d4 d5 2. c4 c6 3. Nc3 Nf6 4. Nf3 a6 5. e3 Bf5 6. Ne5 e6 7. g4 Bg6 8. h4 h5
9. Nxg6 fxg6 10. gxh5 gxh5 11. Bh3 Qe7 12. Qe2 e5 13. dxe5 Qxe5 14. Bd2 Ne4 15.
O-O-O Nxd2 16. Qxd2 Bb4 17. cxd5 Bxc3 18. Qxc3 Qxc3+ 19. bxc3 cxd5 20. Rxd5 Nc6
21. Rg1 Ne7 22. Rd7 g6 23. Rxb7 Rf8 24. f4 Rf6 25. Rd1 Rd8 26. Rxd8+ Kxd8 27.
Kc2 Rd6 28. c4 Nc6 29. Bg2 Ne7 30. Be4 Re6 31. Kd3 Rd6+ 32. Ke2 Re6 33. Kf3 Rd6
34. a4 Re6 35. a5 Nc8 36. c5 Rf6 37. Bc2 Rc6 38. Ba4 Rc7 39. Rxc7 Kxc7 40. e4
Ne7 41. Ke3 Ng8 42. Be8 Ne7 43. Kd4 Kd8 44. Ba4 g5 45. hxg5 h4 46. Ke3 Ng6 47.
f5 Ne5 48. g6 Ke7 49. c6 h3 50. Kf2 1-0

[Event "4NCL"]
[Site "De Vere, Staverton Park, ENG"]
[Date "2011.11.12"]
[Round "121.8"]
[White "Burke, Mitchell R"]
[Black "Maroroa, Sue"]
[Result "1/2-1/2"]
[WhiteElo "1897"]
[BlackElo "2013"]
[PlyCount "52"]
[EventDate "2011.??.??"]
[WhiteTeam "Bradford DCA Knights A"]
[BlackTeam "Pandora's Box Grantham"]

1. e4 e5 2. Nf3 Nc6 3. Bb5 a6 4. Bxc6 dxc6 5. O-O Bd6 6. d4 exd4 7. Qxd4 f6 8.
Nc3 Be6 9. Re1 Ne7 10. e5 fxe5 11. Nxe5 O-O 12. Qe4 Bd5 13. Nxd5 Nxd5 14. Nd3
Kh8 15. Qg4 Qf6 16. Bg5 Qf7 17. Re2 Qg6 18. Re6 Nf6 19. Qh4 Qf5 20. Re2 Nd5 21.
Rae1 c5 22. Bd2 b5 23. Qg5 Qxg5 24. Bxg5 c4 25. Ne5 Kg8 26. Nc6 Kf7 1/2-1/2

[Event "4NCL"]
[Site "De Vere, Staverton Park, ENG"]
[Date "2011.11.12"]
[Round "122.1"]
[White "Spencer, Carl J"]
[Black "Adams, David M"]
[Result "1-0"]
[WhiteElo "2171"]
[BlackElo "2217"]
[PlyCount "121"]
[EventDate "2011.??.??"]
[WhiteTeam "Cambridge University 2"]
[BlackTeam "White Rose 2"]

1. e4 c6 2. d4 d5 3. Nc3 dxe4 4. Nxe4 Bf5 5. Ng3 Bg6 6. Nf3 Nd7 7. h4 h6 8. h5
Bh7 9. Bd3 Bxd3 10. Qxd3 e6 11. Bf4 Qa5+ 12. Bd2 Bb4 13. Qb3 Bxd2+ 14. Nxd2
O-O-O 15. O-O-O Nb6 16. Nf3 Nf6 17. Ne5 Rhf8 18. Kb1 Qb5 19. c4 Qxb3 20. axb3
Nbd7 21. Nd3 Rfe8 22. Rde1 Kc7 23. Rh4 b6 24. b4 Nh7 25. Kc2 f5 26. f3 Ndf6 27.
Kc3 Ng5 28. Re2 Ra8 29. Rh1 Kd6 30. Rhe1 a5 31. bxa5 Rxa5 32. Re5 Raa8 33. Nf4
c5 34. dxc5+ bxc5 35. Rd1+ Nd5+ 36. Nxd5 Kxe5 37. f4+ Kd6 38. Nf6+ Ke7 39. Nxe8
Rxe8 40. fxg5 hxg5 41. b4 Ra8 42. Kb3 cxb4 43. Ne2 e5 44. Kxb4 Ra2 45. Re1 Kd6
46. Kb3 Rd2 47. Kc3 Ra2 48. Rd1+ Kc6 49. Rd2 Ra3+ 50. Kb4 Re3 51. Nc3 f4 52.
Re2 Rg3 53. Ne4 Rg4 54. Rd2 Rh4 55. Rd6+ Kc7 56. Rg6 g4 57. Rxg7+ Kc6 58. Rg6+
Kc7 59. h6 f3 60. g3 Rh3 61. Kc5 1-0

[Event "4NCL"]
[Site "De Vere, Staverton Park, ENG"]
[Date "2011.11.12"]
[Round "122.2"]
[White "Townsend, M Paul"]
[Black "Pickard, Charles"]
[Result "1/2-1/2"]
[WhiteElo "2255"]
[BlackElo "2125"]
[PlyCount "43"]
[EventDate "2011.??.??"]
[WhiteTeam "White Rose 2"]
[BlackTeam "Cambridge University 2"]

1. d4 d5 2. c4 e6 3. Nf3 c5 4. cxd5 exd5 5. g3 Nc6 6. Bg2 cxd4 7. Nxd4 Qb6 8.
Nb3 Bb4+ 9. Bd2 Be6 10. O-O Bxd2 11. Qxd2 Nf6 12. Nc3 Rd8 13. Na4 Qc7 14. Nd4
Nxd4 15. Qxd4 b6 16. Rac1 Qd7 17. Qb4 Qe7 18. Qb5+ Bd7 19. Qb3 O-O 20. e3 Be6
21. Qd3 Qb4 22. Qd4 1/2-1/2

[Event "4NCL"]
[Site "De Vere, Staverton Park, ENG"]
[Date "2011.11.12"]
[Round "122.3"]
[White "Chan, Nevil"]
[Black "Shaw, Peter"]
[Result "0-1"]
[WhiteElo "2117"]
[BlackElo "2180"]
[PlyCount "86"]
[EventDate "2011.??.??"]
[WhiteTeam "Cambridge University 2"]
[BlackTeam "White Rose 2"]

1. d4 d5 2. Nc3 Nf6 3. Bg5 e6 4. Nf3 Be7 5. e3 c5 6. Bd3 Nc6 7. O-O O-O 8. a3
b6 9. Ne5 Nxe5 10. dxe5 Nd7 11. Bxe7 Qxe7 12. f4 f6 13. Qf3 Bb7 14. Qh3 g6 15.
exf6 Nxf6 16. Rae1 e5 17. f5 e4 18. Be2 Kg7 19. fxg6 hxg6 20. Qg3 d4 21. Nd1
Rad8 22. Nf2 Qd6 23. Qxd6 Rxd6 24. Ng4 d3 25. Rxf6 Rfxf6 26. Nxf6 Kxf6 27. cxd3
exd3 28. Bf3 Ba6 29. Kf2 Bc4 30. Bd1 d2 31. Rg1 Ke5 32. Be2 Rf6+ 33. Bf3 Bb3
34. Ke2 Rd6 35. Rd1 Bxd1+ 36. Kxd1 c4 37. Kc2 b5 38. h4 a5 39. g4 b4 40. axb4
axb4 41. Bd1 Ke4 42. h5 gxh5 43. gxh5 Kxe3 0-1

[Event "4NCL"]
[Site "De Vere, Staverton Park, ENG"]
[Date "2011.11.12"]
[Round "122.8"]
[White "Weller, Pierre"]
[Black "Kourtseva, Julie"]
[Result "1-0"]
[WhiteElo "1987"]
[BlackElo "1742"]
[PlyCount "45"]
[EventDate "2011.??.??"]
[WhiteTeam "White Rose 2"]
[BlackTeam "Cambridge University 2"]

1. d4 d5 2. c4 c6 3. Nf3 Nf6 4. e3 Bf5 5. cxd5 cxd5 6. Qb3 Qc8 7. Bd2 e6 8.
Bb5+ Nbd7 9. O-O Bd6 10. Bb4 Bxb4 11. Qxb4 a6 12. Bxd7+ Qxd7 13. Rc1 Ne4 14.
Ne5 Qb5 15. Qa3 Qb6 16. Nc3 Nd6 17. Qa4+ Ke7 18. Qd7+ Kf6 19. g4 Bg6 20. h4 h6
21. f4 Qd8 22. Nxd5+ exd5 23. g5+ 1-0

[Event "4NCL"]
[Site "De Vere, Staverton Park, ENG"]
[Date "2011.11.12"]
[Round "123.1"]
[White "Martyn, Rafe"]
[Black "McMichael, Richard J"]
[Result "0-1"]
[WhiteElo "2249"]
[BlackElo "2266"]
[PlyCount "80"]
[EventDate "2011.??.??"]
[WhiteTeam "Barbican Youth"]
[BlackTeam "Kings Head"]

1. d4 e6 2. c4 f5 3. g3 Nf6 4. Bg2 c6 5. Qc2 d5 6. Nh3 Bd6 7. O-O O-O 8. Bf4
Be7 9. Nd2 Nh5 10. Nf3 Nxf4 11. Nxf4 Bd6 12. Nd3 Nd7 13. b4 Nf6 14. Nfe5 Qe7
15. Qb3 Bd7 16. b5 Ne4 17. bxc6 Bxc6 18. Rfd1 Rab8 19. Rab1 dxc4 20. Nxc4 Bd5
21. Bxe4 fxe4 22. Nb4 e3 23. Nxd5 exf2+ 24. Kg2 exd5 25. Nxd6 Qxd6 26. e4 Kh8
27. Qxd5 Qf6 28. e5 Qf5 29. Rf1 Rbd8 30. Qxb7 Rxd4 31. Rb2 Qxe5 32. Rbxf2 Rxf2+
33. Rxf2 Rd8 34. Qxa7 Qe4+ 35. Kg1 h6 36. a4 Rd1+ 37. Rf1 Rd2 38. Qb8+ Kh7 39.
Qb1 Rg2+ 40. Kh1 Rc2+ 0-1

[Event "4NCL"]
[Site "De Vere, Staverton Park, ENG"]
[Date "2011.11.12"]
[Round "123.2"]
[White "Wittmann, Jochen"]
[Black "Sanders, Isaac B"]
[Result "0-1"]
[WhiteElo "2216"]
[BlackElo "2136"]
[PlyCount "52"]
[EventDate "2011.??.??"]
[WhiteTeam "Kings Head"]
[BlackTeam "Barbican Youth"]

1. e4 e5 2. Bc4 c6 3. Nf3 d5 4. exd5 cxd5 5. Bb5+ Bd7 6. Bxd7+ Nxd7 7. d3 Bd6
8. O-O Ne7 9. c4 d4 10. Qa4 Nc6 11. Na3 Nc5 12. Qd1 O-O 13. Nc2 a5 14. b3 f5
15. Ba3 Ne6 16. Bb2 Rf6 17. Re1 Rg6 18. g3 Qf6 19. a3 Rf8 20. Nd2 Nf4 21. Qf3
e4 22. dxe4 fxe4 23. Rxe4 Nh3+ 24. Kg2 Qg5 25. Rxd4 Rxf3 26. Nxf3 Nf4+ 0-1

[Event "4NCL"]
[Site "De Vere, Staverton Park, ENG"]
[Date "2011.11.12"]
[Round "123.3"]
[White "Manley, Jon P"]
[Black "Whiteley, Andrew J"]
[Result "1-0"]
[WhiteElo "2161"]
[BlackElo "2280"]
[PlyCount "87"]
[EventDate "2011.??.??"]
[WhiteTeam "Barbican Youth"]
[BlackTeam "Kings Head"]

1. e4 e6 2. d4 d5 3. Nc3 Bb4 4. e5 c5 5. a3 Bxc3+ 6. bxc3 Qc7 7. Qg4 f6 8. Nf3
c4 9. h4 Nc6 10. Bf4 Qf7 11. h5 h6 12. Nh4 Nge7 13. Rh3 Bd7 14. Be2 O-O-O 15.
Re3 Rdf8 16. Bf3 f5 17. Qh3 b6 18. Qh1 Kb7 19. Be2 Qe8 20. Rg3 Rhg8 21. a4 Na5
22. Kd2 Bxa4 23. Qb1 Bb5 24. Bf3 a6 25. Rh3 Nac6 26. Rh1 Nd8 27. Qa2 Nf7 28.
Rhb1 Ng5 29. Qa3 Nxf3+ 30. gxf3 Rf7 31. Rg1 Nc8 32. Ng6 Rc7 33. Rg2 Ne7 34.
Rag1 Nc8 35. Bg3 Ne7 36. Nf4 g5 37. hxg6 Nxg6 38. Bh4 Nxh4 39. Rxg8 Nxf3+ 40.
Kc1 Nxg1 41. Rxe8 Bxe8 42. Nxe6 Rh7 43. Qf8 Bd7 44. Nd8+ 1-0

[Event "4NCL"]
[Site "De Vere, Staverton Park, ENG"]
[Date "2011.11.12"]
[Round "123.4"]
[White "Haria, Ravi"]
[Black "O'Toole, George E"]
[Result "1-0"]
[WhiteElo "2045"]
[BlackElo "2189"]
[PlyCount "129"]
[EventDate "2011.??.??"]
[WhiteTeam "Kings Head"]
[BlackTeam "Barbican Youth"]

1. e4 d6 2. d4 Nf6 3. Nc3 g6 4. g3 Bg7 5. Bg2 O-O 6. Nge2 e5 7. O-O Nc6 8. dxe5
Nxe5 9. f4 Nc4 10. e5 dxe5 11. Qxd8 Rxd8 12. fxe5 Ng4 13. Bg5 Re8 14. Bd5 Ngxe5
15. Rf4 Nd6 16. Raf1 c6 17. Bb3 Bh3 18. Rd1 Nf5 19. Ne4 Nf3+ 20. Kf2 Rxe4 21.
Kxf3 Re3+ 22. Kf2 Rxe2+ 23. Kxe2 h6 24. Bd8 h5 25. Kf2 c5 26. Rd7 Bd4+ 27. Ke1
Nh6 28. Rdxf7 Nxf7 29. Rxf7 Kh8 30. Rf8+ Kg7 31. Rf7+ Kh6 32. Be7 g5 33. c3 Bg7
34. Bxg5+ Kg6 35. Rxb7 a5 36. Be3 Bf8 37. Rc7 Kf5 38. Bc2+ Ke5 39. Bxc5 Bh6 40.
Bd4+ Kd6 41. Rf7 Re8+ 42. Kf2 Bd2 43. Bf5 Be1+ 44. Kf3 Bf1 45. Be4 a4 46. Rf6+
Ke7 47. Rh6 Rf8+ 48. Ke3 Rf2 49. Bc5+ Kd8 50. Rh8+ Kc7 51. Rf8 Re2+ 52. Kd4
Rd2+ 53. Ke5 Bc4 54. Ba3 Rxh2 55. Bd6+ Kd7 56. Bf5+ Kc6 57. Rc8+ Kb5 58. Rc5+
Kb6 59. Rxc4 Bxg3+ 60. Ke6 Bxd6 61. Kxd6 Rxb2 62. Rb4+ Rxb4 63. cxb4 a3 64. Bd3
h4 65. Bf1 1-0

[Event "4NCL"]
[Site "De Vere, Staverton Park, ENG"]
[Date "2011.11.12"]
[Round "123.5"]
[White "Cumming, Rhys"]
[Black "Thomas, Rik H"]
[Result "1/2-1/2"]
[WhiteElo "2010"]
[BlackElo "2197"]
[PlyCount "80"]
[EventDate "2011.??.??"]
[WhiteTeam "Barbican Youth"]
[BlackTeam "Kings Head"]

1. e4 Nc6 2. Nf3 d6 3. d4 Nf6 4. Nc3 a6 5. a3 Bg4 6. Be3 e6 7. Be2 Be7 8. h3
Bxf3 9. Bxf3 d5 10. exd5 Nxd5 11. Nxd5 exd5 12. O-O O-O 13. Qd3 Qd7 14. Rfe1
Rad8 15. Rad1 Bf6 16. c3 Na5 17. Bf4 Nc4 18. Qc2 b5 19. Re2 Rfe8 20. Rde1 Rxe2
21. Qxe2 h6 22. Bg4 Qc6 23. Bf5 Nd6 24. Bxd6 cxd6 25. Qf3 Kf8 26. Bb1 Re8 27.
Rxe8+ Qxe8 28. Kf1 Qc6 29. Ba2 a5 30. Bxd5 Qc7 31. g3 b4 32. Kg2 bxc3 33. bxc3
Bd8 34. c4 Qe7 35. Qf4 Qf6 36. Qe4 g6 37. Bc6 Bb6 38. Qe3 Kg7 39. c5 dxc5 40.
d5 Qd4 1/2-1/2

[Event "4NCL"]
[Site "De Vere, Staverton Park, ENG"]
[Date "2011.11.12"]
[Round "123.6"]
[White "Guthrie, David W"]
[Black "Stewart, Ashley"]
[Result "1-0"]
[WhiteElo "2175"]
[BlackElo "2001"]
[PlyCount "99"]
[EventDate "2011.??.??"]
[WhiteTeam "Kings Head"]
[BlackTeam "Barbican Youth"]

1. d4 Nf6 2. c4 g6 3. Nc3 d5 4. Nf3 Bg7 5. Bg5 Ne4 6. cxd5 Nxg5 7. Nxg5 e6 8.
Nf3 exd5 9. b4 Qd6 10. a3 a5 11. bxa5 Rxa5 12. a4 Nc6 13. e3 O-O 14. Be2 Bf5
15. O-O Rfa8 16. Nd2 Qb4 17. Qb3 Bf8 18. Rfc1 Be6 19. Qd1 R5a7 20. Bf3 Ne7 21.
Rab1 Qa5 22. Nb3 Qb6 23. Nc5 Qc6 24. Nb5 Ra5 25. Nxe6 Qxe6 26. Nxc7 Qd7 27.
Nxa8 Rxa8 28. Qb3 Ra7 29. Rc5 Qxa4 30. Qxa4 Rxa4 31. Bxd5 b6 32. Rcb5 Nxd5 33.
Rxd5 Bb4 34. g4 Kf8 35. Rc1 Ra7 36. Kg2 Ke7 37. Rc2 Ba5 38. h4 Rb7 39. Kf3 Ke6
40. Rb5 Kd6 41. e4 Ke6 42. e5 Rd7 43. Rc6+ Ke7 44. Ke4 Rb7 45. f4 Kd7 46. d5
Ra7 47. f5 Rb7 48. e6+ fxe6 49. fxe6+ Ke7 50. Ke5 1-0

[Event "4NCL"]
[Site "De Vere, Staverton Park, ENG"]
[Date "2011.11.12"]
[Round "124.1"]
[White "Tippleston, Charles E"]
[Black "Swanson, Stephen"]
[Result "0-1"]
[WhiteElo "2150"]
[BlackElo "2277"]
[PlyCount "120"]
[EventDate "2011.??.??"]
[WhiteTeam "FCA Solutions 1"]
[BlackTeam "Poisoned Pawns"]

1. e4 g6 2. d4 Bg7 3. Nc3 d6 4. Be3 a6 5. Qd2 Nd7 6. O-O-O b5 7. h4 h5 8. Kb1
Bb7 9. f3 Ngf6 10. Nh3 e5 11. d5 Nb6 12. a3 Bc8 13. Na2 Bd7 14. Nc1 a5 15. Nb3
b4 16. axb4 axb4 17. Bxb6 cxb6 18. Qxb4 Qb8 19. Bb5 Bh6 20. Ng5 Ra7 21. c3 O-O
22. Kc2 Qc7 23. Ra1 Rfa8 24. Rxa7 Rxa7 25. Ra1 Rxa1 26. Nxa1 Bxb5 27. Qxb5 Bxg5
28. hxg5 Nh7 29. Qe2 Nxg5 30. Nb3 Kg7 31. Nd2 Qd8 32. b4 h4 33. Qe3 b5 34. Qf2
h3 35. gxh3 Nxh3 36. Qf1 Qd7 37. Kb3 Nf4 38. c4 Qa7 39. cxb5 Qe3+ 40. Kc2 Ne2
41. Kd1 Nc3+ 42. Kc2 Ne2 43. Kd1 Nd4 44. Qc4 Qa3 45. Ke1 Nxf3+ 46. Nxf3 Qxf3
47. Qe2 Qb3 48. Qd2 Qb1+ 49. Kf2 Qxe4 50. b6 Qh4+ 51. Kf1 Qc4+ 52. Qe2 Qxd5 53.
Qa6 Qh1+ 54. Ke2 e4 55. Kd2 Qb1 56. Qb5 Qb2+ 57. Ke3 Qc3+ 58. Kxe4 f5+ 59. Kd5
Qe5+ 60. Kc6 Qe8+ 0-1

[Event "4NCL"]
[Site "De Vere, Staverton Park, ENG"]
[Date "2011.11.12"]
[Round "124.2"]
[White "Harley, Andrew D"]
[Black "Brown, Alan M"]
[Result "1-0"]
[WhiteElo "2221"]
[BlackElo "2135"]
[PlyCount "43"]
[EventDate "2011.??.??"]
[WhiteTeam "Poisoned Pawns"]
[BlackTeam "FCA Solutions 1"]

1. e4 e6 2. d4 d5 3. Nc3 Bb4 4. e5 b6 5. a3 Bf8 6. Bb5+ c6 7. Ba4 Ba6 8. Nce2
Ne7 9. Nf3 Ng6 10. h4 Be7 11. h5 Nh4 12. Nxh4 Bxh4 13. Nf4 Be7 14. Qg4 Rg8 15.
c3 Bc8 16. Bc2 f5 17. exf6 Bxf6 18. Bxh7 Rh8 19. Nxe6 Qd6 20. Bf5 Bxe6 21. Bxe6
Na6 22. Bf5 1-0

[Event "4NCL"]
[Site "De Vere, Staverton Park, ENG"]
[Date "2011.11.12"]
[Round "124.3"]
[White "Habershon, Paul F"]
[Black "Byway, Paul V"]
[Result "1/2-1/2"]
[WhiteElo "2133"]
[BlackElo "2172"]
[PlyCount "136"]
[EventDate "2011.??.??"]
[WhiteTeam "FCA Solutions 1"]
[BlackTeam "Poisoned Pawns"]

1. e4 c5 2. Nc3 e6 3. f4 d5 4. Bb5+ Bd7 5. Bxd7+ Qxd7 6. d3 dxe4 7. Nxe4 Nc6 8.
Nf3 Nh6 9. Be3 b6 10. Rf1 Nf5 11. Bg1 h5 12. Qd2 Be7 13. O-O-O O-O-O 14. Kb1
Qc7 15. g3 Kb8 16. Qg2 g6 17. Rde1 Nfd4 18. Bxd4 Nxd4 19. Nxd4 Rxd4 20. Nd2 Bf6
21. Nc4 Rhd8 22. Ne5 Bxe5 23. fxe5 c4 24. Rc1 c3 25. Rce1 R8d7 26. Qg1 Qc5 27.
Qe3 Qb5 28. b3 R4d5 29. Rf4 Rc7 30. Re4 Qa6 31. Ra4 Ra5 32. Rxa5 Qxa5 33. Rf1
Qa3 34. Qc1 Qc5 35. Qf4 Rd7 36. b4 Qc6 37. Qc4 Qg2 38. Rc1 Rc7 39. Qh4 Qe2 40.
Qd8+ Kb7 41. Qd4 Qxh2 42. Qe4+ Kb8 43. Qf4 Qg2 44. a3 Qd5 45. Re1 Rd7 46. Re4
b5 47. Qe3 Qc6 48. Qf2 Qb6 49. Qxb6+ axb6 50. Ka2 Ra7 51. Kb3 Kc7 52. Rd4 Kc8
53. Rd6 Kc7 54. Rd4 g5 55. Ka2 Ra8 56. Kb3 Rh8 57. Kxc3 h4 58. gxh4 gxh4 59.
Rf4 h3 60. Rxf7+ Kc6 61. Rf1 h2 62. Rh1 Kd5 63. Kd2 Kxe5 64. Ke3 Rh3+ 65. Ke2
Kf4 66. Kf2 Rh7 67. c4 Rh3 68. cxb5 Rxd3 1/2-1/2

[Event "4NCL"]
[Site "De Vere, Staverton Park, ENG"]
[Date "2011.11.12"]
[Round "124.4"]
[White "Rosen, Daniel B"]
[Black "Fraser-Mitchell, Jeremy N"]
[Result "1/2-1/2"]
[WhiteElo "2125"]
[BlackElo "2085"]
[PlyCount "102"]
[EventDate "2011.??.??"]
[WhiteTeam "Poisoned Pawns"]
[BlackTeam "FCA Solutions 1"]

1. e4 e6 2. d4 d5 3. Nc3 Bb4 4. Nge2 dxe4 5. a3 Ba5 6. Bd2 Nf6 7. Nxe4 Nxe4 8.
Bxa5 Nc6 9. Bc3 Qf6 10. f3 Nxc3 11. bxc3 O-O 12. f4 Rd8 13. Qd3 b6 14. g3 Bb7
15. Bg2 Nb4 16. axb4 Bxg2 17. Rg1 Bb7 18. Kf2 Qh6 19. h4 Qh5 20. Rge1 a5 21.
bxa5 Rxa5 22. Ng1 Qd5 23. Nf3 Rda8 24. Rxa5 Rxa5 25. Re5 Qxf3+ 26. Qxf3 Bxf3
27. Kxf3 Ra2 28. Re2 Kf8 29. Ke4 Ke7 30. c4 Kd6 31. Kd3 Ra1 32. c3 Rg1 33. Re3
Rg2 34. Ke4 c6 35. f5 exf5+ 36. Kxf5 Ra2 37. Ke4 Rg2 38. Kf3 Rc2 39. Ke4 f6 40.
Kd3 Rg2 41. Ke4 Ra2 42. Kd3 g6 43. Rf3 f5 44. Ke3 Ra4 45. Kd3 Ra3 46. Rf1 Ra2
47. Ke3 Rc2 48. Kd3 Rg2 49. Rf3 Rb2 50. Ke3 Rb3 51. Kd3 Ra3 1/2-1/2

[Event "4NCL"]
[Site "De Vere, Staverton Park, ENG"]
[Date "2011.11.12"]
[Round "124.5"]
[White "Williamson, Kevin J"]
[Black "Winfridsson, Ola"]
[Result "1-0"]
[WhiteElo "2083"]
[BlackElo "2122"]
[PlyCount "81"]
[EventDate "2011.??.??"]
[WhiteTeam "FCA Solutions 1"]
[BlackTeam "Poisoned Pawns"]

1. d4 d5 2. Nc3 Nf6 3. Bg5 Nbd7 4. e3 g6 5. Bd3 Bg7 6. f4 O-O 7. Nf3 c5 8. O-O
cxd4 9. exd4 Qb6 10. Rb1 e6 11. Qd2 Nb8 12. Bxf6 Bxf6 13. Ne2 Nc6 14. c3 a5 15.
Kh1 a4 16. Ne5 Bg7 17. Rf3 f6 18. Nxc6 bxc6 19. Qe3 Bd7 20. Bc2 e5 21. fxe5
fxe5 22. Rxf8+ Rxf8 23. Bxa4 Qa6 24. Bb3 exd4 25. Nxd4 Re8 26. Qf2 Bxd4 27.
Qxd4 Bf5 28. Rg1 Re4 29. Qf6 Qb5 30. Bc2 Qxb2 31. Bxe4 Bxe4 32. h3 Qxa2 33.
Qxc6 Qe2 34. Qe8+ Kg7 35. Qe5+ Kh6 36. Qf4+ Kg7 37. Qg3 h5 38. Ra1 Qd3 39. Ra7+
Kh6 40. Qf4+ g5 41. Qf8+ 1-0

[Event "4NCL"]
[Site "De Vere, Staverton Park, ENG"]
[Date "2011.11.12"]
[Round "124.6"]
[White "Goodger, Martyn"]
[Black "Reuben, Stewart"]
[Result "1-0"]
[WhiteElo "2107"]
[BlackElo "2137"]
[PlyCount "55"]
[EventDate "2011.??.??"]
[WhiteTeam "Poisoned Pawns"]
[BlackTeam "FCA Solutions 1"]

1. e4 c5 2. c3 Nf6 3. e5 Nd5 4. Nf3 d6 5. d4 cxd4 6. Qxd4 e6 7. exd6 Qxd6 8.
Bd3 Nc6 9. Qe4 f5 10. Qe2 Nf4 11. Bxf4 Qxf4 12. O-O Be7 13. Nbd2 O-O 14. Nc4
Bf6 15. Rfe1 Rd8 16. Rad1 b5 17. Nce5 Nxe5 18. Nxe5 Rd5 19. Qh5 g6 20. Nxg6
hxg6 21. Qxg6+ Bg7 22. Rxe6 Bd7 23. Re7 Qh6 24. Qf7+ Kh8 25. Qxd5 Bc6 26. Qxf5
Rf8 27. Qg6 Rf6 28. Qxh6+ 1-0

[Event "4NCL"]
[Site "De Vere, Staverton Park, ENG"]
[Date "2011.11.12"]
[Round "124.7"]
[White "Smith, Graham M"]
[Black "McEwan, Ken B"]
[Result "1-0"]
[WhiteElo "2069"]
[BlackElo "2109"]
[PlyCount "92"]
[EventDate "2011.??.??"]
[WhiteTeam "FCA Solutions 1"]
[BlackTeam "Poisoned Pawns"]

1. d4 Nf6 2. c4 e6 3. g3 Be7 4. Bg2 d5 5. Nf3 O-O 6. O-O Nbd7 7. Qc2 c6 8. Rd1
Re8 9. Bf4 Nf8 10. Nbd2 Ng6 11. Ne5 Nxf4 12. gxf4 Nh5 13. e3 f5 14. Kh1 Nf6 15.
f3 Bd6 16. Rg1 Rf8 17. c5 Bc7 18. Bf1 Nd7 19. Bd3 Nxe5 20. fxe5 Bd7 21. Rg2 Be8
22. Rag1 g6 23. f4 Qe7 24. Nf3 Bd8 25. b4 a5 26. Qa4 b5 27. cxb6 Bxb6 28. bxa5
Rxa5 29. Qb3 Qa7 30. Rb1 Bd8 31. Qb8 Qe7 32. Rb7 Bd7 33. Qd6 Qxd6 34. exd6 Bc8
35. Rb8 Bf6 36. Rc2 Ba6 37. Rxf8+ Kxf8 38. Ne1 Bb7 39. Rb2 Ra7 40. Be2 c5 41.
Nf3 c4 42. Ne5 Ke8 43. Bd1 Kd8 44. a4 Kc8 45. Rb5 Ra6 46. Rc5+ Kb8 1-0